Pohľad na štruktúru, spôsoby a možnosti trávenia voľného času mládeže v Slovenskej republike

Bibliographic Details
Main Author: Zvalová, Marta (Author)
Format: Article
Language:Slovak
PhysicalDescription:Grafy 8, res. angl., slov., lit. 3 zázn. v slov.
Subjects:

MARC

LEADER 00000nab a2200000 a 4500
001 vtls000532719
003 SK-MaSNL
005 20260303210738.0
008 140821c1994 xo 0 slo
015 |a SNBRB19rr/mm-uuuuu 
035 |a CL0532857 
040 |a SNKBUCL  |b slo  |c SNKBUCL  |e AACR2 
041 0 |a slo 
044 |a xo  |c SK 
080 |a 301.185.3-053.6:379.8  |2 1981 
080 |a 379.8  |2 1981 
100 1 |a Zvalová, Marta  |4 aut  |9 783803 
245 1 0 |a Pohľad na štruktúru, spôsoby a možnosti trávenia voľného času mládeže v Slovenskej republike  |c Marta Zvalová 
300 |b Grafy 8, res. angl., slov., lit. 3 zázn. v slov. 
650 0 7 |a mládež  |2 snkbucl  |9 1575 
650 0 7 |a voľný čas  |2 snkbucl  |9 3355 
655 7 |a články z novín a časopisov  |2 snkbucl  |9 267496 
773 0 |t Mládež a spoločnosť  |g Č. 2 (1994), s. 13-23 
850 |a Slovenská národná knižnica v Martine  |a MTA001 
852 |a SNK  |b KIS3GCP 
958 |a RK 
992 |a RBX 
999 |c 2201487  |d 2203417